| Tag |
First Indicator |
Second Indicator |
Subfields |
| LEADER |
00000cam a2200000 i 4500 |
| 001 |
in00000990395 |
| 005 |
20150927154340.0 |
| 007 |
he am||||b||| |
| 008 |
810629r19791936ncu b 00010 eng d |
| 035 |
|
|
|a (OCoLC)07536808
|
| 035 |
|
|
|9 AEY1446AM
|
| 037 |
|
|
|a CL0086000001
|b University Microfilms International
|
| 037 |
|
|
|b University Microfilms International, 300 N. Zeeb Road, Ann Arbor, MI 48106
|
| 040 |
|
|
|a PHA
|c PHA
|d GLZ
|d OCL
|d GLZ
|d UMI
|d TXA
|d UtOrBLW
|
| 043 |
|
|
|a n-us-nc
|
| 049 |
|
|
|a TXAI
|
| 099 |
|
|
|a fiche
|a C
|a 13252
|
| 100 |
1 |
|
|a Blackwelder, Ruth.
|
| 245 |
1 |
0 |
|a Tombstone records of St. John's Lutheran Graveyard, Cabarrus County, North Carolina from the 18th century to June, 1936 /
|c [compiled by Ruth Blackwelder, Cora Press Moose, and Dewey Whitfield Moose ; German translations by E.G. Denny].
|
| 264 |
|
1 |
|a [Place of publication not identified] :
|b [publisher not identified],
|c [1936?]
|
| 300 |
|
|
|a 15 leaves ;
|c 29 cm.
|
| 336 |
|
|
|a text
|b txt
|2 rdacontent
|
| 337 |
|
|
|a microform
|b h
|2 rdamedia
|
| 338 |
|
|
|a microfiche
|b he
|2 rdacarrier
|
| 500 |
|
|
|a St. John's is one of the three oldest Lutheran Churches in North Carolina. The genealogical data and military service were added by the compiler.
|
| 533 |
|
|
|a Microfiche.
|b Sanford, N.C. :
|c Microfilming Corp. of America,
|d [1979]
|e 1 microfiche ; 11 x 15 cm.
|f (Genealogy and local history ; PS 239)
|
| 536 |
|
|
|a Acquired through the generosity of Mrs. Mary Marshall.
|
| 500 |
|
|
|a Microform.
|
| 610 |
2 |
0 |
|a St. John's Lutheran Church (Cabarrus County, N.C.)
|
| 650 |
|
0 |
|a Epitaphs
|z North Carolina
|z Cabarrus County.
|
| 650 |
|
0 |
|a Registers of births, etc.
|z North Carolina
|z Cabarrus County.
|
| 651 |
|
0 |
|a Cabarrus County (N.C.)
|x Genealogy.
|
| 700 |
1 |
|
|a Moose, Cora Press.
|
| 700 |
1 |
|
|a Moose, Dewey Whitfield.
|
| 830 |
|
0 |
|a Genealogy and local history ;
|v PS 239.
|
| 999 |
|
|
|a MARS
|
| 999 |
f |
f |
|s 4f362d52-9095-3e28-9d5b-241a09159b5f
|i d8fb2bf4-b810-3809-9064-09ce2c7b610a
|t 0
|
| 952 |
f |
f |
|p default
|a Texas A&M University
|b College Station
|c Sterling C. Evans Library
|d Evans: Microforms (3rd floor)
|t 0
|e fiche C 13252
|h Other scheme
|i microform -- microfiche
|
| 998 |
f |
f |
|a fiche C 13252
|t 0
|l Evans: Microforms (3rd floor)
|